(41) - 50 villes les plus peuplées de Loir-et-Cher (41) - Statistiques

Statistiques générales
  • Ce quiz a été pris 7 fois
  • Le résultat moyen est 8 sur 50
Statistiques - réponses
nombre d'habitant ville % Correct
47 219 Blois
100%
18 373 Romorantin-Lanthenay
86%
15 758 Vendôme
71%
4 471 La Chaussée-Saint-Victor
29%
6 250 Mer
29%
2 272 Nouan-le-Fuzelier
29%
1 556 Pontlevoy
29%
2 789 Saint-Aignan
29%
3 180 Saint-Gervais-la-Forêt
29%
4 236 Saint-Laurent-Nouan
29%
4 809 Salbris
29%
4 184 Selles-sur-Cher
29%
1 564 Suèvres
29%
8 064 Vineuil
29%
3 341 Beauce la Romaine
14%
2 715 Cellettes
14%
2 831 Cour-Cheverny
14%
2 290 Huisseau-sur-Cosson
14%
6 860 Le Controis-en-Sologne
14%
1 945 Les Montils
14%
3 646 Montoire-sur-le-Loir
14%
3 386 Mont-près-Chambord
14%
3 611 Montrichard Val de Cher
14%
1 638 Oucques La Nouvelle
14%
2 710 Saint-Georges-sur-Cher
14%
3 041 Saint-Ouen
14%
1 829 Saint-Sulpice-de-Pommeray
14%
1 962 Savigny-sur-Braye
14%
1 546 Soings-en-Sologne
14%
2 324 Valencisse
14%
2 385 Valloire-sur-Cisse
14%
2 584 Villebarou
14%
1 343 Bracieux
0%
1 463 Candé-sur-Beuvron
0%
2 726 Chailles
0%
1 700 Châtillon-sur-Cher
0%
1 558 Cormeray
0%
1 408 Faverolles-sur-Cher
0%
2 268 Gièvres
0%
4 504 Lamotte-Beuvron
0%
1 518 Mur-de-Sologne
0%
2 442 Naveil
0%
2 631 Noyers-sur-Cher
0%
2 245 Pruniers-en-Sologne
0%
1 764 Saint-Claude-de-Diray
0%
1 473 Saint-Romain-sur-Cher
0%
1 334 Selles-Saint-Denis
0%
3 333 Veuzain-sur-Loire
0%
2 678 Villefranche-sur-Cher
0%
1 414 Vouzon
0%
Aucun quiz correspondant
Distribution des résultats
% des personnes avec chaque résultat
Percentile par nombre de réponses
Votre historique - résultats
Vous n’avez pas pris ce quiz